000
00302nam a22001337a 4500
008
170309b xxu||||| |||| 00| 0 eng d
020
_a
0134443659
041
_a
eng
080
_a
611
100
_a
6
101
_a
SHM
245
_a
FUNDAMENTALS OF ANATOMY AND PHYSIOLOGY
_c
MARTINI, F
942
_2
udc
_c
BK
999
_c
7304
_d
7304